[Event "GRE-chT U16 14th"]
[Site "Rio Achaia"]
[Date "2022.12.16"]
[Round "3"]
[White "Panagiotopoulou, Nikoletta Christina"]
[Black "Kapia, Aggeliki"]
[Result "0-1"]
[WhiteElo "1104"]
[BlackElo "1196"]
[PlyCount "120"]
[EventDate "2022.12.15"]
[EventType "team-swiss"]
[EventRounds "6"]
[EventCountry "GRE"]
[SourceTitle "EXT 2024"]
[Source "ChessBase"]
[SourceDate "2023.10.10"]
[SourceVersion "1"]
[SourceVersionDate "2023.10.10"]
[SourceQuality "1"]

1. d4 e6 2. Nf3 d5 3. Bf4 c5 4. e3 Nf6 5. c3 Nc6 6. Nbd2 Bd7 7. h3 Rc8 8. dxc5 Bxc5 9. Bd3 0-0 10. 0-0 Qe7 11. e4 dxe4 12. Nxe4 Nxe4 13. Bxe4 h6 14. Re1 Rfd8 15. Qb3 Na5 16. Qc2 Bd6 17. Ne5 Bxe5 18. Bxe5 Bc6 19. Rad1 Bxe4 20. Qxe4 Nc6 21. Bh2 Rd7 22. Bg3 Rcd8 23. Bh4 g5 24. Rxd7 Qxd7 25. Bg3 Qd3 26. a3 Qxe4 27. Rxe4 Rd2 28. b4 b5 29. h4 Kf8 30. c4 Nd4 31. Bd6+ Ke8 32. Bc5 Nc2 33. cxb5 Nxa3 34. b6 axb6 35. Bxb6 Rb2 36. hxg5 hxg5 37. Be3 Nc2 38. Bc5 Kd7 39. Kh2 Rb3 40. Re2 Nxb4 41. Rd2+ Nd3 42. Be3 g4 43. Kg3 f5 44. f3 gxf3 45. Kxf3 Kc6 46. Rc2+ Kd5 47. Ke2 f4 48. Bc1 Nxc1+ 49. Rxc1 Re3+ 50. Kf2 e5 51. Rg1 e4 52. g4 Ra3 53. Kg2 Ra2+ 54. Kh1 e3 55. g5 f3 56. g6 f2 57. Rf1 e2 58. Rxf2 e1Q+ 59. Kh2 Rxf2+ 60. Kh3 Qg1 0-1

[Event "GRE-ch U16 Girls"]
[Site "Thessaloniki"]
[Date "2022.08.21"]
[Round "6"]
[White "Sonovidou, Ioanna"]
[Black "Kapia, Aggeliki"]
[Result "1-0"]
[WhiteElo "1160"]
[BlackElo "1258"]
[PlyCount "38"]
[EventDate "2022.08.18"]
[EventType "swiss"]
[EventRounds "9"]
[EventCountry "GRE"]
[SourceTitle "EXT 2024"]
[Source "ChessBase"]
[SourceDate "2023.10.10"]
[SourceVersion "1"]
[SourceVersionDate "2023.10.10"]
[SourceQuality "1"]

1. c4 e6 2. e4 d5 3. cxd5 exd5 4. e5 c5 5. d4 c4 6. Nc3 Bb4 7. g3 Ne7 8. Bg2 Nbc6 9. Nge2 0-0 10. 0-0 Bf5 11. Nf4 Bxc3 12. bxc3 Qa5 13. Qd2 Rfd8 14. Nh5 Bd3 15. Nxg7 Bxf1 16. Qg5 Ng6 17. Bxf1 Rdc8 18. Qh6 Qd8 19. Nh5 Qf8 1-0

[Event "GRE-ch U16 Girls"]
[Site "Thessaloniki"]
[Date "2022.08.20"]
[Round "4"]
[White "Kratimenou, Georgia"]
[Black "Kapia, Aggeliki"]
[Result "1-0"]
[WhiteElo "1494"]
[BlackElo "1258"]
[PlyCount "77"]
[EventDate "2022.08.18"]
[EventType "swiss"]
[EventRounds "9"]
[EventCountry "GRE"]
[SourceTitle "EXT 2024"]
[Source "ChessBase"]
[SourceDate "2023.10.10"]
[SourceVersion "1"]
[SourceVersionDate "2023.10.10"]
[SourceQuality "1"]

1. e4 g6 2. d4 Bg7 3. g3 c6 4. Bg2 d6 5. c3 Nf6 6. Ne2 0-0 7. 0-0 e5 8. dxe5 dxe5 9. Qc2 Qc7 10. b3 Nbd7 11. Nd2 Rd8 12. Nc4 b5 13. Nb2 Bb7 14. c4 Nc5 15. Be3 Ne6 16. cxb5 cxb5 17. Qxc7 Nxc7 18. Rac1 Ne6 19. f3 Rac8 20. Bh3 Rxc1 21. Rxc1 Nd4 22. Kf2 Ne8 23. Bg5 f6 24. Be3 Nxe2 25. Kxe2 Kf7 26. Nd3 Rd6 27. Bc5 Rd8 28. Rc2 Bc8 29. Bf1 f5 30. Bxa7 fxe4 31. fxe4 Bg4+ 32. Kf2 Nd6 33. Rc7+ Kg8 34. Nc5 Rf8+ 35. Ke1 Rf3 36. Nb7 Nxe4 37. Be2 Bf8 38. Bxf3 Bb4+ 39. Ke2 1-0

[Event "GRE-chT 49th"]
[Site "Thessaloniki"]
[Date "2022.08.13"]
[Round "2.6"]
[White "Angelakopoulou, Ioanna"]
[Black "Kapia, Aggeliki"]
[Result "1-0"]
[WhiteElo "1297"]
[BlackElo "1258"]
[PlyCount "79"]
[EventDate "2022.08.12"]
[EventType "team-swiss"]
[EventRounds "7"]
[EventCountry "GRE"]
[SourceTitle "CBM 209 Extra"]
[Source "ChessBase"]
[SourceDate "2022.09.30"]
[SourceVersion "1"]
[SourceVersionDate "2022.09.30"]
[SourceQuality "1"]
[WhiteTeam "Larisas"]
[BlackTeam "Amo Galaxias"]
[WhiteTeamCountry "GRE"]
[BlackTeamCountry "GRE"]

1. d4 Nf6 2. c4 e6 3. Nc3 Bb4 4. Qc2 c5 5. dxc5 Na6 6. Nf3 Bxc3+ 7. Qxc3 Nxc5 8. e3 Nce4 9. Qc2 0-0 10. Bd3 d5 11. 0-0 Nc5 12. Be2 Qe7 13. b3 Na6 14. Bb2 Ne4 15. a3 Bd7 16. b4 Rac8 17. Rac1 Be8 18. Qd3 Nf6 19. Ng5 e5 20. cxd5 Rd8 21. e4 Nxd5 22. exd5 Qxg5 23. Qe4 Bd7 24. Bd3 f5 25. Qxe5 Rfe8 26. Qg3 Qxg3 27. hxg3 Bc8 28. Bxa6 bxa6 29. Rc7 Rd7 30. Rfc1 Rxc7 31. Rxc7 g6 32. d6 Re1+ 33. Kh2 Be6 34. Rg7+ Kf8 35. Rxh7 Re2 36. d7 Bxd7 37. Rxd7 Rxb2 38. Rxa7 Rxf2 39. Rxa6 Kf7 40. b5 1-0

[Event "GRE-chT Online Rapid (Women) 1st"]
[Site "Tornelo INT"]
[Date "2021.02.21"]
[Round "6.2"]
[White "Psofimi, Milia"]
[Black "Kapia, Aggeliki"]
[Result "0-1"]
[WhiteElo "1623"]
[BlackElo "1310"]
[PlyCount "56"]
[EventDate "2021.02.20"]
[EventType "team-swiss (rapid)"]
[EventRounds "9"]
[EventCountry "GRE"]
[SourceTitle "EXT 2023"]
[Source "ChessBase"]
[SourceDate "2022.10.05"]
[SourceVersion "1"]
[SourceVersionDate "2022.10.05"]
[SourceQuality "1"]

1. e4 e6 2. d4 d5 3. exd5 exd5 4. Be3 Nf6 5. c3 Bd6 6. Bd3 0-0 7. Ne2 c6 8. Qc2 b6 9. h3 Bb7 10. Nd2 Nbd7 11. 0-0-0 Rc8 12. Bf5 c5 13. Bg5 Be7 14. Nf3 Ne4 15. Bxe7 Qxe7 16. Nf4 g6 17. Bxd7 Qxd7 18. dxc5 Qf5 19. Nd3 bxc5 20. Kb1 f6 21. Ka1 Ba6 22. Nc1 Rb8 23. Rhe1 Rfd8 24. Nb3 Rb6 25. Rxe4 Rbd6 26. Nxc5 dxe4 27. Rxd6 Rxd6 28. Qb3+ Qd5 0-1

[Event "Thessaloniki White Tower op-C 41th"]
[Site "Thessaloniki"]
[Date "2019.01.06"]
[Round "5.25"]
[White "Kapia, Aggeliki"]
[Black "Samaridis, Ioannis"]
[Result "1-0"]
[WhiteElo "1039"]
[BlackElo "1000"]
[PlyCount "75"]
[EventDate "2019.01.02"]
[EventType "swiss"]
[EventRounds "6"]
[EventCountry "GRE"]
[SourceTitle "EXT 2024"]
[Source "ChessBase"]
[SourceDate "2023.10.10"]
[SourceVersion "1"]
[SourceVersionDate "2023.10.10"]
[SourceQuality "1"]

1. e4 e5 2. Nf3 Nc6 3. Bb5 a6 4. Ba4 Nf6 5. 0-0 d6 6. Re1 b5 7. Bb3 Be7 8. c3 0-0 9. d4 Na5 10. dxe5 Nxb3 11. Qxb3 dxe5 12. Nxe5 Bb7 13. Nd2 c5 14. Qc2 Qc7 15. Nef3 Rfe8 16. a4 Bd6 17. axb5 axb5 18. Rxa8 Bxa8 19. h3 h6 20. b3 Bc6 21. c4 b4 22. Bb2 Nd7 23. Nf1 Qb7 24. N1d2 f6 25. Qb1 Qc7 26. Qc2 Ne5 27. Nxe5 Bxe5 28. Bxe5 Qxe5 29. Qd3 f5 30. Nf3 Bxe4 31. Nxe5 Bxd3 32. Nxd3 Rd8 33. Nxc5 g5 34. Re5 f4 35. Rd5 Re8 36. Kf1 Kg7 37. Nd3 Rb8 38. Rb5 1-0

[Event "Thessaloniki White Tower op-C 41th"]
[Site "Thessaloniki"]
[Date "2019.01.05"]
[Round "3.9"]
[White "Kapia, Aggeliki"]
[Black "Nikolaou, Theodoros"]
[Result "1/2-1/2"]
[WhiteElo "1039"]
[BlackElo "1234"]
[PlyCount "71"]
[EventDate "2019.01.02"]
[EventType "swiss"]
[EventRounds "6"]
[EventCountry "GRE"]
[SourceTitle "EXT 2024"]
[Source "ChessBase"]
[SourceDate "2023.10.10"]
[SourceVersion "1"]
[SourceVersionDate "2023.10.10"]
[SourceQuality "1"]

1. e4 c5 2. Nf3 Nc6 3. Bb5 e6 4. 0-0 Be7 5. Re1 Nf6 6. c3 0-0 7. d4 cxd4 8. cxd4 Qc7 9. Nc3 Rd8 10. Bg5 d5 11. e5 Ne8 12. Bxe7 Qxe7 13. Rc1 Bd7 14. Bxc6 Bxc6 15. Ne2 Rac8 16. Qd2 h6 17. Ng3 Nc7 18. Rc2 Na6 19. a3 Rc7 20. Rec1 Rdc8 21. h3 Ba4 22. Rxc7 Rxc7 23. Rxc7 Qxc7 24. Ne1 Qb6 25. Ne2 Qb3 26. Nc3 Qc4 27. Nxa4 Qxa4 28. Nf3 b5 29. Ne1 b4 30. axb4 Qxb4 31. Qc1 Nc7 32. Nf3 Nb5 33. Qc8+ Kh7 34. Qb7 Kg8 35. Qb8+ Kh7 36. Qb7 1/2-1/2

[Event "Thessaloniki ESSTH HALK-ch U16 11th"]
[Site "Thessaloniki"]
[Date "2018.11.18"]
[Round "5.6"]
[White "Kapia, Aggeliki"]
[Black "Zagka, Konstantina Kelaidi"]
[Result "1-0"]
[WhiteElo "1047"]
[BlackElo "1094"]
[PlyCount "133"]
[EventDate "2018.11.03"]
[EventType "swiss"]
[EventRounds "6"]
[EventCountry "GRE"]
[SourceTitle "EXT 2024"]
[Source "ChessBase"]
[SourceDate "2023.10.10"]
[SourceVersion "1"]
[SourceVersionDate "2023.10.10"]
[SourceQuality "1"]

1. e4 e5 2. Nf3 Nc6 3. Bb5 d6 4. 0-0 Bd7 5. c3 a6 6. Ba4 Nf6 7. Re1 Be7 8. d4 exd4 9. cxd4 Na7 10. Bxd7+ Qxd7 11. Nc3 h6 12. Qb3 Rb8 13. d5 0-0 14. Be3 Nb5 15. Nxb5 Qxb5 16. Qxb5 axb5 17. Bf4 Rfe8 18. Nd2 c6 19. dxc6 bxc6 20. e5 dxe5 21. Bxe5 Rbd8 22. Nf3 Ng4 23. Bg3 Bf6 24. h3 Bxb2 25. Rxe8+ Rxe8 26. Rb1 Rd8 27. hxg4 Bf6 28. Rc1 Rc8 29. Be5 Be7 30. Nd4 f6 31. Bg3 c5 32. Nxb5 c4 33. Nd4 c3 34. Rc2 Rc4 35. Nb5 Rxg4 36. Rxc3 Rb4 37. Nd6 Ra4 38. Rc2 Ra6 39. Nf5 Bf8 40. Rc8 Kf7 41. Rc2 g6 42. Nd4 g5 43. f3 Ra5 44. Bf2 Rd5 45. a4 Bc5 46. Ne2 Rd1+ 47. Kh2 Bxf2 48. Nc3 Rf1 49. Ra2 Bd4 50. Ne4 Be5+ 51. Ng3 h5 52. Kh3 Bxg3 53. Kxg3 Rb1 54. Kf2 Rb7 55. Ke3 Ke6 56. Ke4 f5+ 57. Kd4 g4 58. Kc5 Kd7 59. f4 h4 60. a5 Kc7 61. a6 Ra7 62. Kb5 Ra8 63. Rc2+ Kb8 64. Kb6 Ra7 65. Rd2 Rc7 66. a7+ Rxa7 67. Rd8# 1-0